01763cam a2200361 i 450000100090000000300090000900500170001800800410003502000350007602000320011104000380014308200190018110000380020024501880023826400690042626400100049530000430050533600260054833700280057433800270060250400520062965000410068165000500072265300380077265500240081070000480083470000460088294200120092899900170094095201520095795201520110995201400126114436605EG-ScBUE20241027114000.0060703t2008 nyua f b 001 0 eng d a9780073523408 (acidfree paper) a0073523402 (acidfree paper) aDLCbengerdacDLCdDLCdEG-ScBUE04a518.1222bDAS1 aDasgupta, Sanjoy,eauthor.93663010aAlgorithms /cSanjoy Dasgupta, University of California, San Diego, Christos Papadimitriou, University of California at Berkeley, Umesh Vazirani, University of California at Berkeley. 1aNew York, United States :bMcGraw-Hill Higher Education,c[2008] 4cc2008 ax, 320 pages :billustrations ;c24 cm 2rdacontentatextbtxt aunmediated2rdamediabn avolumebnc2rdacarrier aIncludes bibliographical references and index.  7aAlgorithmsvTextbooks.2BUEsh936631 7aComputer algorithmsvTextbooks.2BUEsh936632 bCOMSCIcJanuary2015cNovember2014 vReading book9342321 aPapadimitriou, Christos H.,eauthor.9366331 aVazirani, Umesh Virkumar,eauthor.936634 2ddccBB c18657d18629 00102ddc40708BaccahaMAINbMAINc1STd2014-11-20ePurchaseg255.00h20677l0o518.1 DASp000037039r2025-07-15 00:00:00v318.75w2014-11-20yBB 00102ddc40708BaccahaMAINbMAINc1STd2015-01-26ePurchaseg255.00h21291l0o518.1 DASp000037371r2025-07-15 00:00:00v319.00w2015-01-26yBB 00102ddc40708BaccahaMAINbMAINc1STd2015-01-26ePurchaseg255.00h21291l0o518.1 DASp000037372r2025-07-15 00:00:00v319.00yBB